Alle Städte am Neckar - Statistiken

Allgemein
  • Dieses Quiz wurde 127 mal gespielt
  • Das Durchschnittsergebnis liegt bei 15 aus 35
Antwortstatistiken
Einwohner Stadt Bundesland % Korrekt
630.305 Stuttgart BW
100%
309.721 Mannheim BW
97%
158.741 Heidelberg BW
91%
126.458 Heilbronn BW
86%
91.077 Tübingen BW
76%
116.031 Reutlingen BW
74%
92.722 Esslingen am Neckar BW
70%
93.358 Ludwigsburg BW
69%
26.324 Neckarsulm BW
60%
85.686 Villingen-Schwenningen BW
60%
13.349 Neckargemünd BW
49%
3.860 Neckarsteinach Hessen
44%
43.756 Rottenburg am Neckar BW
44%
24.975 Rottweil BW
42%
23.425 Mosbach BW
41%
25.092 Horb am Neckar BW
40%
3.455 Hirschhorn (Neckar) Hessen
35%
41.154 Nürtingen BW
35%
14.267 Eberbach BW
33%
15.976 Freiberg am Neckar BW
31%
19.504 Bad Friedrichshall BW
28%
21.650 Bad Rappenau BW
28%
14.490 Plochingen BW
28%
15.833 Marbach am Neckar BW
27%
45.430 Fellbach BW
24%
11.880 Ladenburg BW
24%
16.173 Wendlingen am Neckar BW
24%
11.838 Lauffen am Neckar BW
23%
26.508 Remseck am Neckar BW
23%
12.458 Sulz am Neckar BW
23%
7.308 Bad Wimpfen BW
22%
12.643 Besigheim BW
21%
7.475 Gundelsheim BW
20%
14.246 Oberndorf am Neckar BW
20%
12.275 Wernau (Neckar) BW
13%
Keine übereinstimmenden Quizze gefunden
Verteilung der Resultate
Anzahl Personen mit jedem Resultat
Perzentil nach korrekt beantworteten Fragen
Ihre Resultats-Entwicklung
Sie haben dieses Quiz noch nicht gespielt